Netarifné opatrenia EÚ pri obchodovaní s tretími krajinami bakalárska práca

Gespeichert in:
Bibliographische Detailangaben
1. Verfasser: Pivolusková, Erika
Körperschaft: Fakulta medzinárodných vzťahov EU. Katedra medzinárodných ekonomických vzťahov a hospodárskej diplomacie
Weitere Verfasser: Bittmannová, Bianka
Format: Buch
Sprache:Slowakisch
Veröffentlicht: Bratislava 2015
Tags: Tag hinzufügen
Keine Tags, Fügen Sie das erste Tag hinzu!

MARC

LEADER 00000nbm a2200000 4500
001 0202608
005 20161212100133.1
041 0 |a slo 
044 |a SK 
245 1 0 |a Netarifné opatrenia EÚ pri obchodovaní s tretími krajinami  |b bakalárska práca  |c Erika Pivolusková ; školiteľ: Bianka Bittmannová 
264 1 |a Bratislava  |c 2015 
300 |a 53 s. 
100 1 |a Pivolusková, Erika 
700 1 |a Bittmannová, Bianka 
710 2 |a Fakulta medzinárodných vzťahov EU. Katedra medzinárodných ekonomických vzťahov a hospodárskej diplomacie